000 00670nam a2200241Ia 4500
003 OSt
005 20220928130542.0
006 a|||||r|||| 00| 0
007 ta
008 220927b |||||||| |||| 00| 0 eng d
024 _a61959
037 _cTextual
040 _aSDCL
_cSDCL
_beng
041 _2eng
_aeng
082 _aD65,5:4, P1
100 _aGrote Norbert Ed.
_9474498
245 0 _aFibre optic communication devices
260 _aBerlin
_bSpringer
_c2001
300 _axxi,465p
_ccm.
700 _a Venghaus Herbert Ed.
_9474499
942 _hD65,5:4, P1
_cTEXL
_2CC
999 _c787071
_d787071